Catálogo

Histología y biología celular / (Registro nro. 56020)

Detalles MARC
000 -LEADER
fixed length control field 01442cam a2200337 i 4500
001 - CONTROL NUMBER
control field 56020
003 - CONTROL NUMBER IDENTIFIER
control field Mx-PuUPA
005 - DATE AND TIME OF LATEST TRANSACTION
control field 20220530112648.0
008 - FIXED-LENGTH DATA ELEMENTS--GENERAL INFORMATION
fixed length control field 140415s2010 mx a fr 001 0 spa d
020 ## - INTERNATIONAL STANDARD BOOK NUMBER
International Standard Book Number 9786071503404
040 ## - CATALOGING SOURCE
Original cataloging agency Mx-PuUPA
Language of cataloging spa
Transcribing agency Mx-PuUPA
Modifying agency Mx-PuUPA
Description conventions rda
041 0# - LANGUAGE CODE
Language code of text/sound track or separate title spa
245 00 - TITLE STATEMENT
Title Histología y biología celular /
Statement of responsibility, etc. Teresa I. Fortoul van der Goes, [editora] ; colaboradores, Severo Abraham Mancilla, Sandra Acevedo Nava, Patricia Alonso Viveros [y otros 27].
250 ## - EDITION STATEMENT
Edition statement Primera edición
264 #1 - PRODUCTION, PUBLICATION, DISTRIBUTION, MANUFACTURE, AND COPYRIGHT NOTICE
Place of production, publication, distribution, manufacture México :
Name of producer, publisher, distributor, manufacturer McGraw-Hill Interamericana,
Date of production, publication, distribution, manufacture, or copyright notice ©2010
300 ## - PHYSICAL DESCRIPTION
Extent xvii, 307 páginas :
Other physical details ilustraciones ;
Dimensions 27 cm.
336 ## - CONTENT TYPE
Fuente rdacontent
Content type term texto
Content type code txt
337 ## - MEDIA TYPE
Source rdamedia
Media type term sin medio
Media type code n
338 ## - CARRIER TYPE
Source rdacarrier
Carrier type term volumen
Carrier type code nc
650 14 - SUBJECT ADDED ENTRY--TOPICAL TERM
Topical term or geographic name entry element Citología
General subdivision Libros de texto
Source of heading or term armarc
650 14 - SUBJECT ADDED ENTRY--TOPICAL TERM
Topical term or geographic name entry element Histología
Form subdivision Libros de texto
650 14 - SUBJECT ADDED ENTRY--TOPICAL TERM
Topical term or geographic name entry element Biología celular
Form subdivision Libros de texto
700 1# - ADDED ENTRY--PERSONAL NAME
Personal name Fortoul van der Goes, Teresa,
Relator term editor
-- colaborador
9 (RLIN) 1323
700 1# - ADDED ENTRY--PERSONAL NAME
Personal name Abraham Mancilla, Severo,
Relator term colaborador
700 1# - ADDED ENTRY--PERSONAL NAME
Personal name Acevedo Nava, Sandra,
Relator term colaborador
700 1# - ADDED ENTRY--PERSONAL NAME
Personal name Alonso Viveros, Patricia,
Relator term colaborador
775 18 - OTHER EDITION ENTRY
Relationship information También disponible como (tercera edición)
Title Histología y biología celular.
Edition Tercera edición
Place, publisher, and date of publication México : McGraw-Hill Interamericana, 2017.
Record control number (Mx-PuUPA) 68444
International Standard Book Number 9786071514080
942 ## - ADDED ENTRY ELEMENTS (KOHA)
Source of classification or shelving scheme Dewey Decimal Classification
Koha item type Libro
Classification part 611.018
Item part H671
Existencias
Withdrawn status Lost status Source of classification or shelving scheme Damaged status Not for loan Home library Current library Shelving location Date acquired Source of acquisition Total Checkouts Full call number Barcode Price effective from Koha item type Collection code Total Renewals Date last seen Date last checked out Copy number Checked out
  Extraviado Dewey Decimal Classification     Biblioteca Karol Wojtyla Biblioteca Karol Wojtyla   03/12/2013 Compra   611.018 FOR 89316 03/12/2013 Libro            
    Dewey Decimal Classification     Biblioteca Karol Wojtyla Biblioteca Karol Wojtyla Sala general 03/12/2013 Compra 29 611.018 H671 2010 88510 07/01/2015 Libro General 1 05/01/2026 25/09/2025 Ej.9  
    Dewey Decimal Classification     Biblioteca Karol Wojtyla Biblioteca Karol Wojtyla Sala general 03/12/2013 Compra   611.018 H671 2010 88505 07/01/2015 Reserva permanente General   05/01/2026   Ej.4  
    Dewey Decimal Classification     Biblioteca Karol Wojtyla Biblioteca Karol Wojtyla Sala general 03/12/2013 Compra 22 611.018 H671 2010 88511 07/01/2015 Libro General 3 05/01/2026 21/10/2025 Ej.10  
    Dewey Decimal Classification     Biblioteca Karol Wojtyla Biblioteca Karol Wojtyla Sala general 03/12/2013 Compra   611.018 H671 2010 84240 10/06/2015 Reserva permanente General   05/01/2026 31/05/2018    
    Dewey Decimal Classification     Biblioteca Karol Wojtyla Biblioteca Karol Wojtyla Sala general 03/12/2013 Compra 2 611.018 H671 2010 84242 07/01/2015 Reserva permanente General   05/01/2026 17/10/2023 Ej.3  
    Dewey Decimal Classification     Biblioteca Karol Wojtyla Biblioteca Karol Wojtyla Sala general 03/12/2013 Compra 22 611.018 H671 2010 88512 07/01/2015 Libro General 6 05/01/2026 16/05/2024 Ej.11  
    Dewey Decimal Classification     Biblioteca Karol Wojtyla Biblioteca Karol Wojtyla Sala general 03/12/2013 Compra 1 611.018 H671 2010 84241 07/01/2015 Reserva permanente General   05/01/2026 11/09/2023 Ej.2  
    Dewey Decimal Classification     Biblioteca Karol Wojtyla Biblioteca Karol Wojtyla Sala general 03/12/2013 Compra   611.018 H671 2010 88506 07/01/2015 Reserva permanente General   05/01/2026 20/01/2015 Ej.5  
Descarte   Dewey Decimal Classification     Biblioteca Karol Wojtyla Biblioteca Karol Wojtyla   03/12/2013 Compra   611.018 FOR 84239 29/08/2014 Libro     18/08/2014 18/08/2014    
    Dewey Decimal Classification     Biblioteca Karol Wojtyla Biblioteca Karol Wojtyla Sala general 03/12/2013 Compra 4 611.018 H671 2010 88507 07/01/2015 Reserva permanente General   11/02/2026 01/02/2024 Ej.6  
    Dewey Decimal Classification     Biblioteca Karol Wojtyla Biblioteca Karol Wojtyla Sala general 03/12/2013 Compra 4 611.018 H671 2010 88508 07/01/2015 Libro General   13/03/2020 13/03/2020 Ej.7 27/03/2020